<?xml version="1.0" encoding="UTF-8"?>
<record
    xmlns:xsi="http://www.w3.org/2001/XMLSchema-instance"
    xsi:schemaLocation="http://www.loc.gov/MARC21/slim http://www.loc.gov/standards/marcxml/schema/MARC21slim.xsd"
    xmlns="http://www.loc.gov/MARC21/slim">

  <leader>01025nam a2200253 a 4500</leader>
  <controlfield tag="001">000023812</controlfield>
  <controlfield tag="005">20240604202930.0</controlfield>
  <controlfield tag="008">110113s1993    mx      r     000 0 spa d</controlfield>
  <datafield tag="020" ind1=" " ind2=" ">
    <subfield code="a">9686599509</subfield>
  </datafield>
  <datafield tag="040" ind1=" " ind2=" ">
    <subfield code="a">DO-SdBNP</subfield>
    <subfield code="b">spa</subfield>
    <subfield code="c">BNPHU</subfield>
  </datafield>
  <datafield tag="082" ind1=" " ind2=" ">
    <subfield code="a">336.3435</subfield>
    <subfield code="b">L772b</subfield>
  </datafield>
  <datafield tag="100" ind1="1" ind2=" ">
    <subfield code="a">Lissakers, Karin,</subfield>
    <subfield code="9">49017</subfield>
  </datafield>
  <datafield tag="240" ind1="1" ind2="0">
    <subfield code="a">Banks, borrowers, and the establishment.</subfield>
    <subfield code="l">Espa&#xF1;ol.</subfield>
  </datafield>
  <datafield tag="245" ind1="1" ind2="0">
    <subfield code="a">Banca, deudores e instituciones :</subfield>
    <subfield code="b">an&#xE1;lisis de las crisis en la deuda internacional /</subfield>
    <subfield code="c">Karin Lissakers ; traducci&#xF3;n Ana Isabel Stellino edici&#xF3;n Mar&#xED;a Elsa L&#xF3;pez Paniagua.</subfield>
  </datafield>
  <datafield tag="260" ind1=" " ind2=" ">
    <subfield code="a">M&#xE9;xico, D.F. :</subfield>
    <subfield code="b">Ediciones Gernika,</subfield>
    <subfield code="c">1993.</subfield>
  </datafield>
  <datafield tag="300" ind1=" " ind2=" ">
    <subfield code="a">377, [1] p. ;</subfield>
    <subfield code="c">21 cm.</subfield>
  </datafield>
  <datafield tag="490" ind1="1" ind2=" ">
    <subfield code="a">Econom&#xED;a</subfield>
    <subfield code="v">18</subfield>
  </datafield>
  <datafield tag="534" ind1=" " ind2=" ">
    <subfield code="a">T&#xED;tulo original en ingl&#xE9;s:</subfield>
    <subfield code="t">Banks, borrowers, and the establishment</subfield>
  </datafield>
  <datafield tag="650" ind1=" " ind2="4">
    <subfield code="a">Deuda externa</subfield>
    <subfield code="z">Am&#xE9;rica Latina</subfield>
    <subfield code="9">9160</subfield>
  </datafield>
  <datafield tag="650" ind1=" " ind2="4">
    <subfield code="a">Pr&#xE9;stamos internacionales</subfield>
    <subfield code="9">30424</subfield>
  </datafield>
  <datafield tag="650" ind1=" " ind2="0">
    <subfield code="a">Finanzas internacionales </subfield>
    <subfield code="9">7882</subfield>
  </datafield>
  <datafield tag="700" ind1="1" ind2=" ">
    <subfield code="a">Stellino, Ana Isabel</subfield>
    <subfield code="e">tr.</subfield>
    <subfield code="9">6685</subfield>
  </datafield>
  <datafield tag="700" ind1="1" ind2=" ">
    <subfield code="a">L&#xF3;pez Paniagua, Mar&#xED;a Elsa</subfield>
    <subfield code="e">ed.</subfield>
    <subfield code="9">44716</subfield>
  </datafield>
  <datafield tag="952" ind1=" " ind2=" ">
    <subfield code="0">0</subfield>
    <subfield code="1">0</subfield>
    <subfield code="5">0</subfield>
    <subfield code="7">1</subfield>
    <subfield code="8">MO</subfield>
    <subfield code="a">GR</subfield>
    <subfield code="b">GR</subfield>
    <subfield code="c">HD</subfield>
    <subfield code="d">2011-01-13</subfield>
    <subfield code="i">LF1</subfield>
    <subfield code="l">0</subfield>
    <subfield code="o">336.3435 L772b</subfield>
    <subfield code="p">23812-10</subfield>
    <subfield code="r">2020-06-25</subfield>
    <subfield code="w">2020-06-25</subfield>
    <subfield code="y">1</subfield>
    <subfield code="Z">No se presta</subfield>
  </datafield>
  <datafield tag="999" ind1=" " ind2=" ">
    <subfield code="c">23308</subfield>
    <subfield code="d">23308</subfield>
  </datafield>
</record>
